| 000 | 00461nam a22001577a 4500 | ||
|---|---|---|---|
| 008 | 230612b |||||||| |||| 00| 0 eng d | ||
| 040 |
_aNational Science Library _cNational Science Library |
||
| 080 |
_a686.122(4)"1825/1850" _bL2 |
||
| 100 | _aJamieson, Eleanore | ||
| 245 | _aEnglish Embossed bindings 1825-1850 | ||
| 260 |
_aNew York: _bCambridge University Press, _c1972 |
||
| 300 | _a95p. | ||
| 650 | _aLanguage | ||
| 653 | _aEnglish | ||
| 942 |
_2udc _cPR |
||
| 999 |
_c41906 _d41906 |
||